[Event "10th Hotel Opatija GM"]
[Site "Kastav CRO"]
[Date "2002.04.14"]
[Round "7"]
[White "Golubovic,B"]
[Black "Mandekic,I"]
[Result "1/2-1/2"]
[WhiteElo "2462"]
[BlackElo "2293"]

1.d4 Nf6 2.c4 e6 3.g3 Bb4+ 4.Bd2 c5 5.Bg2 Qb6 6.d5 exd5 7.cxd5 d6 8.Nc3 O-O
9.Nf3 Bg4 10.h3 Bxf3 11.Bxf3 Re8 12.O-O Bxc3 13.Bxc3 Nbd7 14.Qc2 Re7 15.Rfe1 Rae8
16.e4 Qa6 17.Be2 Qb6 18.f3 Qc7 19.Bf1 Ne5 20.Kg2 Qb8 21.a4 h5 22.h4 b6 23.Bb5 Rd8
24.Qf2 Nfd7 25.Qf1 Rf8 26.Bxd7 Nxd7 27.f4 Qe8 28.Qf3 f6 29.Re2  1/2-1/2

[Event "Open"]
[Site "Dubai UAE"]
[Date "2002.04.15"]
[Round "1"]
[White "Ulibin,M"]
[Black "Mirzoeva,E"]
[Result "1-0"]
[WhiteElo "2576"]
[BlackElo "2296"]

1.d4 Nf6 2.c4 e6 3.g3 Bb4+ 4.Bd2 Qe7 5.Nf3 Ne4 6.Bg2 Nxd2 7.Nbxd2 O-O 8.O-O Bxd2
9.Qxd2 d6 10.Qc3 Nd7 11.b4 e5 12.e3 e4 13.Nd2 Nf6 14.f4 c6 15.f5 g5 16.a4 Bd7
17.b5 c5 18.Rad1 b6 19.Qc2 Rfe8 20.Nb1 Rac8 21.Nc3 d5 22.dxc5 Qxc5 23.Rd4 Qa3
24.Nxd5 Nxd5 25.Rxd5 Qxe3+ 26.Kh1 Rc7 27.Qd1 Bc8 28.Rd8 Re7 29.f6 Re5 30.Qh5 Qc5
31.Qxg5+ Rxg5 32.Rxe8+ Qf8 33.Rxf8+ Kxf8 34.Bxe4 Re5 35.Bc6 Bg4 36.h3 Be2
37.Rf4 h5 38.Rd4 Kg8 39.Kg2 Kh7 40.Kf2 Kh6 41.Bd5 Kg5 42.Rd2 Bxc4 43.Bxc4 Re4
44.Bxf7 Kxf6 45.Bxh5  1-0

[Event "TCh-ISR"]
[Site "ISR"]
[Date "2002.04.19"]
[Round "9"]
[White "Mikhalevski,V"]
[Black "Ruderfer,M"]
[Result "1-0"]
[WhiteElo "2531"]
[BlackElo "2339"]

1.d4 Nf6 2.c4 e6 3.g3 Bb4+ 4.Nd2 d5 5.Bg2 O-O 6.Nf3 dxc4 7.Qc2 b5 8.a4 bxa4
9.O-O Bb7 10.Nxc4 Nbd7 11.Rd1 Nb6 12.Nfe5 Bxg2 13.Kxg2 Qd5+ 14.f3 Qb5 15.Na3 Bxa3
16.bxa3 Rfe8 17.Rb1 Qa6 18.e4 Rac8 19.Nc6 Nfd7 20.Rd3 Nb8 21.Nb4 Qb7 22.Rc3 Re7
23.Be3 h6 24.Rc1 Na6 25.Nc6 Rd7 26.g4 Nb8 27.Ne5 Re7 28.h4 Qa6 29.Qa2 Qb5
30.Kg3 Qe8 31.h5 N6d7 32.Nc4 Nb6 33.Ne5 N6d7 34.Nd3 Nb6 35.Qb2 f5 36.Ne5 fxe4
37.fxe4 c6 38.Qc2 N6d7 39.Nc4 Qf8 40.Bf4 e5 41.Bxe5 Nxe5 42.Nxe5 Rxe5 43.dxe5 Qe7
44.Rf1 Qxe5+ 45.Kh3 Nd7 46.Rxc6 Rxc6 47.Qxc6 Nf6 48.Qc8+ Kf7 49.Rc1  1-0

[Event "Open"]
[Site "Pula CRO"]
[Date "2002.05.14"]
[Round "4"]
[White "Sulava,N"]
[Black "Vukovic,I"]
[Result "1-0"]
[WhiteElo "2548"]
[BlackElo "2273"]

1.d4 Nf6 2.c4 e6 3.g3 Bb4+ 4.Bd2 Qe7 5.Bg2 O-O 6.Nf3 Bxd2+ 7.Qxd2 d6 8.Nc3 Re8
9.O-O e5 10.e4 Bg4 11.Ne1 Nc6 12.Nc2 Nxd4 13.Nxd4 exd4 14.Qxd4 Qe5 15.Qd2 Bd7
16.Kh1 Bc6 17.f3 a5 18.Rac1 Nd7 19.Nb5 Bxb5 20.cxb5 Nc5 21.f4 Qe7 22.e5 Red8
23.Qc3 Qd7 24.Qc4 Rab8 25.f5 b6 26.e6 d5 27.Qxc5  1-0

[Event "IHEM"]
[Site "Hamburg GER"]
[Date "2002.05.21"]
[Round "4"]
[White "Rogozenko,D"]
[Black "Berg,E"]
[Result "1/2-1/2"]
[WhiteElo "2518"]
[BlackElo "2503"]

1.d4 e6 2.c4 Nf6 3.g3 Bb4+ 4.Bd2 c5 5.Bxb4 cxb4 6.Bg2 O-O 7.e3 d6 8.Ne2 Nc6
9.O-O e5 10.Nd2 Bg4 11.d5 Nb8 12.Re1 Na6 13.h3 Bd7 14.Kh2 Qb6 15.g4 Nc5 16.Qc2 a5
17.Rad1 a4 18.Qb1 Qd8 19.Ng3 g6 20.g5 Ne8 21.f4 f5 22.Nf3 e4 23.Nd4 h5 24.Bf1 Qb6
25.Be2 h4 26.Nh1 Nc7 27.Qc1 Rfe8 28.Qd2 Re7 29.Bf1 Rae8 30.Rc1 N7a6 31.Nf2 Nc7
32.Rb1 Ra8 33.Rec1 Qa5 34.b3 a3 35.Rd1 Rae8 36.Nc2 N7a6 37.Qd4 Rf8 38.Rbc1 Qb6
39.Ne1 Nc7 40.Ng2 Rh7 41.Ne1 Re7 42.Nc2 N7a6 43.Rd2 Qd8 44.Nd1 Be8 45.Nf2 Qa5
46.Rdd1 Rc7 47.Qd2 Re7 48.Nh1 Bd7 49.Ne1 Rh7 50.Qf2 Qb6 51.Ng2 Kf7 52.Kg1 Rfh8
53.Qd2 Ke7 54.Ne1 Kd8 55.Nf2 Kc8 56.Nc2 Kb8 57.Kh2 Re8 58.Kg1 Rhe7 59.Qd4 Rf7
60.Kh2 Ka8 61.Qd2 Rc8 62.Qd4 Qd8 63.Qd2 Qa5 64.Ne1 Nb8 65.Ng2 Rh7 66.Ne1 Nca6
67.Nc2 Qc5 68.Nd4 Nc7 69.Kg1 Nba6 70.Kh2 Re7 71.Kg1 Ne8 72.Kh2 Nec7 73.Kg1 Be8
74.Kh2 Bf7 75.Kg1 Ne8 76.Kh2 Ng7 77.Kg1 Be8 78.Nh1 Bd7 79.Qe1 Rh8 80.Kh2 Ne8
81.Nf2 Nec7 82.Kg1 Rc8 83.Nh1 Rh7 84.Nf2 Nb8 85.Nc2 Nca6 86.Nd4 Re8 87.Kh2 Bc8
88.Kg1 Nd7 89.Kh2 Qb6 90.Qd2 Ndc5 91.Re1 Bd7 92.Nc2 Qa5 93.Nd4 Rhe7 94.Kg1 b6
95.Kh2 Rc8 96.Red1 Nb7 97.Kg1 Qc5 98.Qe1 Nd8 99.Kh2 Be8 100.Nb5 Kb8 101.Kg1 Nb7
102.Kh2 Bd7 103.Qd2 Rf8 104.Kg1 Rc8 105.Kh2 Nd8 106.Kg1 Nf7 107.Qe1 Rf8 108.Kh2 Rh8
109.Qd2 Rf8 110.Rc2 Kb7 111.Rcc1 Rc8 112.Qe1 Rf8 113.Qd2 Rc8 114.Nd4 Rf8
115.Qe1 Nd8 116.Rc2 Nc7 117.Rdd2 Na6 118.Qa1 Rh7 119.Rc1 Ka7 120.Nc2 Nb7
121.Bg2 Re7 122.Nd1 Kb8 123.Qd4 Nc7 124.Rf2 Na6 125.Qd2 Rc8 126.Bf1 Rg7  1/2-1/2

[Event "Open A"]
[Site "Ostrava CZE"]
[Date "2002.05.25"]
[Round "9"]
[White "Lahner,J"]
[Black "Macicek,J"]
[Result "1-0"]
[WhiteElo "2235"]
[BlackElo "2021"]

1.d4 Nf6 2.c4 e6 3.g3 Bb4+ 4.Bd2 Bxd2+ 5.Qxd2 d5 6.Nf3 Ne4 7.Qc2 O-O 8.Bg2 Nc6
9.O-O Ng5 10.Nbd2 Nxf3+ 11.Nxf3 dxc4 12.Qxc4 Qd5 13.Qc3 Rd8 14.e3 Qd6 15.a3 Ne7
16.Rac1 c6 17.Ne5 Nd5 18.Qc2 f6 19.Nc4 Qe7 20.Rfd1 Nb6 21.Na5 Re8 22.Nxc6 bxc6
23.Bxc6 Bb7 24.Bxe8 Rxe8 25.Qc7 Kf7 26.b4 Rd8 27.Rc5 Rd7 28.Rdc1 Nd5 29.Qb8 f5
30.Qxa7 e5 31.dxe5 Qxe5 32.Rd1 Qe6 33.Qa4 f4 34.e4 Re7 35.exd5 Qe2 36.Qb3  1-0

[Event "EuTCh U18"]
[Site "Balatonlelle HUN"]
[Date "2002.06.15"]
[Round "4"]
[White "Ignacz,M"]
[Black "Fliter,I"]
[Result "1/2-1/2"]
[WhiteElo "2050"]
[BlackElo "2119"]

1.d4 Nf6 2.c4 e6 3.g3 Bb4+ 4.Bd2 Bxd2+ 5.Qxd2 d5 6.Bg2 O-O 7.Nf3 Qe7 8.O-O Nbd7
9.Qc2 c6 10.Nbd2 b6 11.Rfe1 Bb7 12.e4 Rac8 13.Rac1 Rfd8 14.e5 Ne8 15.cxd5 exd5
16.Bh3 Nc7 17.Nf1 Ne6 18.Ne3 g6 19.Ng4 c5 20.Qd2 h5 21.Ne3 Ndf8 22.Ng2 Rc7
23.Nf4 Bc8 24.dxc5 Nxf4 25.Bxc8 Rcxc8 26.Qxf4 bxc5 27.Qh6 Ne6 28.Nh4 Qg5
29.Qxg5 Nxg5 30.f4 Ne4 31.Nf3 Kf8 32.b3 Ke7 33.Kg2 a5 34.h3 Ra8 35.Re2 a4
36.g4 axb3 37.axb3 Ra3 38.Re3 Rb8 39.Rd1 Rbxb3 40.Rxb3 Rxb3 41.Rxd5 Rb2+
42.Kg1 c4 43.Rd4 c3 44.Rxe4 c2 45.Rc4 Rb1+ 46.Kg2 c1=Q 47.Rxc1 Rxc1 48.gxh5 gxh5
49.Nd4 Rc3 50.Nf5+ Kf8 51.Ng3 h4 52.Nf5 Rc2+ 53.Kf3 Rc3+ 54.Kg4  1/2-1/2

[Event "13th Open"]
[Site "Ljubljana SLO"]
[Date "2002.06.25"]
[Round "4"]
[White "Tratar,M"]
[Black "Jeric,S"]
[Result "1-0"]
[WhiteElo "2443"]
[BlackElo "2298"]

1.d4 Nf6 2.c4 e6 3.g3 Bb4+ 4.Bd2 Qe7 5.Bg2 O-O 6.Nf3 Ne4 7.O-O f5 8.Bc1 c6
9.c5 d6 10.a3 Ba5 11.cxd6 Qxd6 12.Bf4 Qe7 13.Qc2 Nd7 14.Ne5 Ndf6 15.Nc4 Bc7
16.Bxc7 Qxc7 17.Nbd2 Nxd2 18.Qxd2 Rd8 19.Qe3 Ng4 20.Qc3 c5 21.dxc5 Qxc5 22.Rac1 Nf6
23.Qe5 Qxe5 24.Nxe5 Nd5 25.Rfd1 b6 26.Nc6 Re8 27.Nb4 Bb7 28.Nxd5 Bxd5 29.Rxd5 exd5
30.Bxd5+ Kf8 31.Bxa8 Rxa8 32.Rc7 Rd8 33.b4 Rd2 34.e3 a6 35.Ra7 a5 36.bxa5 bxa5
37.Rxa5 g6 38.Ra7 Kg8 39.h4 Ra2 40.a4 Ra3 41.Kg2 Ra1 42.a5 Ra2 43.a6 Ra4
44.Ra8+ Kg7 45.a7 Ra2 46.Kf1 Kh6 47.f3 Kg7 48.e4 fxe4 49.fxe4 Kh6 50.e5 Ra1+
51.Kg2 Ra2+ 52.Kh3 Ra3 53.e6 Kh5 54.e7 h6 55.e8=Q Rxg3+ 56.Kh2 Rh3+ 57.Kg2  1-0

[Event "13th Open"]
[Site "Ljubljana SLO"]
[Date "2002.06.28"]
[Round "7"]
[White "Marjanovic,Slavk"]
[Black "Pregarac,V"]
[Result "1-0"]
[WhiteElo "2024"]
[BlackElo "2061"]

1.d4 Nf6 2.c4 e6 3.g3 Bb4+ 4.Bd2 a5 5.Bg2 d5 6.cxd5 exd5 7.a3 Bd6 8.Nc3 c6
9.Nf3 Bf5 10.O-O h6 11.Re1 O-O 12.Ne5 Qb6 13.e3 Qxb2 14.e4 Nxe4 15.Bxe4 Bxe4
16.Rxe4 dxe4 17.Rb1 Qxa3 18.Rb3 Qxb3 19.Qxb3 b5 20.Nxe4 Be7 21.d5 a4 22.Qa2 b4
23.d6 b3 24.Qa3 Bd8 25.Bc3 Re8 26.Qb4 Ra5 27.Qxb8 Rb5 28.d7 Rf8 29.Qa7 b2
30.Bxb2 Rxb2 31.Qxa4 c5 32.Nxc5 Bf6 33.Qa5 Rb1+ 34.Kg2 Rd1 35.Qc7 Rd5 36.f4 Ra8
37.Qc8+  1-0

[Event "23rd Open"]
[Site "Bled SLO"]
[Date "2002.07.06"]
[Round "5"]
[White "Sebenik,M"]
[Black "Zelcic,R"]
[Result "0-1"]
[WhiteElo "2380"]
[BlackElo "2565"]

1.d4 Nf6 2.c4 e6 3.g3 Bb4+ 4.Bd2 a5 5.Bg2 d5 6.Nf3 O-O 7.O-O Nc6 8.Ne5 Nxe5
9.dxe5 Bxd2 10.Qxd2 Nd7 11.cxd5 Nxe5 12.Qc3 Qd6 13.Na3 c6 14.f4 Ng4 15.dxc6 bxc6
16.h3 Nf6 17.Rfd1 Qb8 18.Bxc6 Qb6+ 19.Kg2 Ra6 20.Bf3 Nd5 21.Bxd5 exd5 22.g4 Re8
23.e3 h5 24.f5 Qh6 25.Rac1 Qg5 26.Qd4 Bxf5 27.Qf4 Be4+ 28.Kg3 Qg6 29.g5 Rf6
30.Qh4 Rf3+ 31.Kh2 Qf5 32.Rd2 Qe5+ 33.Kg1 Rg3+ 34.Kf1 Qf5+  0-1

[Event "3rd Stage Russian Cup"]
[Site "Tomsk RUS"]
[Date "2002.07.14"]
[Round "7"]
[White "Beletsky,A"]
[Black "Bocharov,D"]
[Result "1-0"]
[WhiteElo "2386"]
[BlackElo "2475"]

1.d4 Nf6 2.c4 e6 3.g3 Bb4+ 4.Bd2 Qe7 5.Bg2 Nc6 6.e3 e5 7.d5 Nb8 8.Nc3 a5
9.a3 Bxc3 10.Bxc3 d6 11.b4 axb4 12.axb4 Rxa1 13.Qxa1 O-O 14.e4 c6 15.Ne2 cxd5
16.cxd5 Bd7 17.Qa5 Rc8 18.O-O Qe8 19.Rc1 Bb5 20.Kf1 Bd3 21.f3 Nbd7 22.Ke1 b6
23.Qa7 Qd8 24.Bd2 Bxe2 25.Kxe2 Rxc1 26.Bxc1 Qc8 27.Qa3 b5 28.Be3 Qc2+ 29.Bd2 Nb6
30.Qc1 Qa2 31.Qc7 Qc4+ 32.Qxc4 Nxc4 33.Be1 Nb6 34.Bf2 Na8 35.f4 exf4 36.gxf4 Kf8
37.Kd3 Nc7 38.Bb6 Na6 39.Ba5 Ke7 40.Kd4 Ne8 41.Bf1 Nac7 42.e5 f5 43.Bb6 Kd7
44.Bd3 g6 45.h3 Kc8 46.Bxc7 Kxc7 47.Bxb5 Ng7 48.e6 Kd8 49.Bc6 Nh5 50.b5 Nf6
51.b6 Ng8 52.Bd7 Ne7 53.Kc4 h6 54.h4  1-0

[Event "Open Aegean Ch"]
[Site "Ikaros GRE"]
[Date "2002.07.16"]
[Round "4"]
[White "Chapliev,A"]
[Black "Managadze,N"]
[Result "1/2-1/2"]
[WhiteElo "2314"]
[BlackElo "2428"]

1.d4 e6 2.c4 Nf6 3.g3 Bb4+ 4.Bd2 Qe7 5.a3 Bxd2+ 6.Nxd2 d6 7.Bh3 c5 8.e3 Nc6
9.Ne2 O-O 10.Qc2 b6 11.Bg2 Bb7 12.O-O Rac8 13.Rac1 cxd4 14.exd4 d5 15.Qb1 Ba6
16.b4 Bxc4 17.Nxc4 dxc4 18.Rxc4 Qd6 19.Rfc1 Ne7 20.Qc2 Rxc4 21.Qxc4 Nfd5
22.Qb5 g6 23.Rc2 Rd8 24.Qa6 Rd7 25.Qa4 Rc7 26.Be4 Kg7 27.Kg2 h5 28.h4 Qd8
29.Rxc7 Qxc7 30.Qc2 f5 31.Qxc7 Nxc7 32.Bd3 Kf6 33.f4 Ned5 34.Kf2 Ke7 35.Ng1 Nc3
36.Nf3 N7b5 37.a4 Nc7 38.a5 b5 39.Ne5 Kd6 40.Ke3 N3d5+ 41.Kd2 Nxb4 42.Be2 Nbd5
43.Nxg6 Nf6 44.Kd3 a6 45.Ne5 Ncd5 46.Bf3 Kc7 47.Nf7 Nb4+ 48.Kc3 Nc6 49.Ng5 Nd8
50.Kd2 Kd6 51.Kd3 Kd7 52.Ke2 Ng4 53.Kd3 Nf6 54.Kc3 Kd6 55.Kb4 Kd7 56.Kb3 Kd6
57.Ba8 Nd5 58.Nf3 Kc7 59.Ne5 Nb7 60.Bxb7 Kxb7  1/2-1/2

[Event "Battle of Senta Open"]
[Site "Senta YUG"]
[Date "2002.07.19"]
[Round "1"]
[White "Lajthajm,B"]
[Black "Blanusa,R"]
[Result "1-0"]
[WhiteElo "2418"]
[BlackElo "2134"]

1.d4 Nf6 2.c4 e6 3.g3 Bb4+ 4.Nd2 O-O 5.a3 Bxd2+ 6.Bxd2 d5 7.cxd5 exd5 8.Bg2 c6
9.Nf3 Re8 10.O-O Ne4 11.Bf4 Nd7 12.Ne1 Ndf6 13.Nd3 Nh5 14.Be3 Qe7 15.Re1 Bf5
16.a4 a5 17.Nc5 Nhf6 18.Nxe4 Nxe4 19.Qb3 h5 20.Qa3 Qe6 21.Bf4 g5 22.Bc1 f6
23.f3 Nd6 24.Qc3 Re7 25.b3 h4 26.Ba3 hxg3 27.hxg3 Rh7 28.g4 Bg6 29.Kf2 f5
30.Bxd6 Qxd6 31.gxf5 Bxf5 32.Rh1 g4 33.fxg4 Bxg4 34.Rxh7 Kxh7 35.Rh1+ Kg7
36.Qe3 Rf8+ 37.Bf3 Bxf3 38.exf3 Rf6 39.Qe8 Qf8 40.Rg1+ Kh7 41.Rh1+ Kg7 42.Qh5 Qb4
43.Qh8+ Kg6  1-0

[Event "TCh-POL Jun"]
[Site "Laczna POL"]
[Date "2002.07.22"]
[Round "10"]
[White "Lagowski,P"]
[Black "Zielinski,P"]
[Result "1-0"]
[WhiteElo "2320"]
[BlackElo "2289"]

1.d4 Nf6 2.c4 e6 3.g3 Bb4+ 4.Bd2 Qe7 5.Bg2 O-O 6.Nf3 Bxd2+ 7.Nbxd2 c5 8.O-O Nc6
9.dxc5 Qxc5 10.Rc1 Rd8 11.Nb3 Qe7 12.Nfd4 Nxd4 13.Qxd4 e5 14.Qe3 d6 15.Na5 Qc7
16.b4 a6 17.a3 Rb8 18.Qa7 e4 19.c5 Be6 20.c6 Rdc8 21.Nxb7 Bd5 22.Bh3 Bxc6
23.Bxc8 Rxc8 24.Qxa6 Qxb7 25.Qxb7 Bxb7 26.Rxc8+ Bxc8 27.b5 Nd5 28.Rc1 Bd7
29.Rd1 Be6 30.a4 Kf8 31.a5 Ke7 32.b6 Kd8 33.b7 Kc7 34.Rb1  1-0

[Event "KB Czech Open"]
[Site "Pardubice CZE"]
[Date "2002.07.22"]
[Round "4"]
[White "Lingnau,C"]
[Black "Chernyshov,K"]
[Result "1/2-1/2"]
[WhiteElo "2426"]
[BlackElo "2518"]

1.d4 Nf6 2.c4 e6 3.g3 Bb4+ 4.Bd2 Qe7 5.Nf3 b6 6.Bg2 Bb7 7.O-O Bxd2 8.Qxd2 O-O
9.Nc3 Ne4 10.Nxe4 Bxe4 11.Qf4 Bxf3 12.Qxf3 Nc6 13.Rfd1 Rab8 14.Rac1 Rfe8
15.Qc3 a5 16.e3 Nb4 17.Qb3 c6 18.a3 Na6 19.Qa4 Ra8 20.d5 Nc5 21.Qc2 exd5
22.cxd5 cxd5 23.Bxd5 Rab8 24.b4 axb4 25.axb4 Ne6 26.Qc4 Qf8 27.Bg2 Rec8 28.Qb5 Rxc1
29.Rxc1 Qd6 30.Bf3 Rd8 31.h4 h6 32.Kg2 Kf8 33.Kg1 Ke7 34.Bg2 Qd2 35.Ra1 Rc8
36.Qxb6 Rc2 37.Rf1 Rb2 38.b5 Qd3 39.Qa6  1/2-1/2

[Event "KB Czech Open"]
[Site "Pardubice CZE"]
[Date "2002.07.24"]
[Round "6"]
[White "Olsson,L"]
[Black "Voloshin,L"]
[Result "1/2-1/2"]
[WhiteElo "2254"]
[BlackElo "2429"]

1.d4 Nf6 2.c4 e6 3.g3 Bb4+ 4.Nd2 c5 5.a3 Bxd2+ 6.Qxd2 cxd4 7.Nf3 Nc6 8.Nxd4 d5
9.Bg2 Qb6 10.Nxc6 bxc6 11.b4 Ba6 12.c5 Qc7 13.Bb2 O-O 14.O-O Rfe8 15.f4 Nd7
16.Rf2 f5 17.Qd4 Nf6 18.Bf3 Ng4 19.Bxg4 fxg4 20.Qe3 Bc4 21.Be5 Qf7 22.Qd4 a5
23.b5 Bxb5 24.Raf1 Qg6 25.Qb2 Rf8 26.Rb1 a4 27.Rd1 Rf7 28.Rd4 h6 29.Rb4 Rb7
30.Bd6 Qf5 31.Be5 Kh7 32.Rf1 Raa7 33.Kf2 Qh5 34.Kg1 Qf5 35.Kf2 Kg8 36.Qb1 Qxb1
37.Rfxb1 Kf7 38.R4b2 Kg6 39.Ke3 Kf7 40.Kd4 Ke8  1/2-1/2

[Event "6th Open"]
[Site "Korinthos GRE"]
[Date "2002.07.29"]
[Round "7"]
[White "Papaioannou,I"]
[Black "Hellsten,J"]
[Result "1-0"]
[WhiteElo "2589"]
[BlackElo "2477"]

1.d4 Nf6 2.c4 e6 3.g3 Bb4+ 4.Bd2 a5 5.Bg2 O-O 6.Nf3 d5 7.Qc2 dxc4 8.Qxc4 Nc6
9.O-O h6 10.Nc3 Nd7 11.Rad1 Nb6 12.Qd3 a4 13.a3 Be7 14.Bc1 Nd5 15.e4 Nxc3
16.Qxc3 Bd7 17.Rfe1 Ra6 18.Bf1 Qa8 19.Bxa6 Qxa6 20.Bf4 Rc8 21.d5 Na7 22.Nd4 exd5
23.exd5 Bf8 24.Qd3 Nb5 25.Nxb5 Bxb5 26.Qf5 b6 27.Rc1 Qb7 28.Red1 c5 29.Be5 Rd8
30.Bc3 Bd7 31.Qh5 Qc8 32.f3 Bf5 33.Qh4 Qa8 34.Qc4 Qb7 35.Qxa4 b5 36.Qf4 Rxd5
37.Rxd5 Qxd5 38.Re1 Bd7 39.Qe4 Qd6 40.Qe2 Bc6 41.Rd1 Qc7 42.Be5 Qb6 43.Kg2 b4
44.axb4 cxb4 45.Qf2 Qb7 46.Rd8 Qe7 47.Qd4 f6 48.Qd6 Kf7 49.Qxe7+ Bxe7 50.Rc8 Bd5
51.Bd4 Ke6 52.Rc7 g5 53.Kf2 h5 54.Bc5 Bd8 55.Rh7 g4 56.fxg4 hxg4 57.Bxb4 Bb6+
58.Ke1 Bd4 59.Bc3  1-0

[Event "6th Open"]
[Site "Korinthos GRE"]
[Date "2002.07.30"]
[Round "8"]
[White "Papadopoulou,V"]
[Black "Galianina Ryjanova,J"]
[Result "0-1"]
[WhiteElo "2152"]
[BlackElo "2362"]

1.d4 Nf6 2.c4 e6 3.g3 Bb4+ 4.Bd2 Qe7 5.Bg2 Nc6 6.Nf3 Bxd2+ 7.Nbxd2 d6 8.O-O O-O
9.e4 e5 10.d5 Nb8 11.Ne1 a5 12.Nd3 Na6 13.f4 Ng4 14.Qe2 f6 15.f5 Nh6 16.b3 Bd7
17.g4 Rfb8 18.a4 Nf7 19.Qf2 c6 20.h4 Qd8 21.Ra2 b5 22.axb5 cxb5 23.Rfa1 bxc4
24.bxc4 a4 25.Bf3 Qc7 26.Bd1 Nb4 27.Nxb4 Rxb4 28.Qe3 Qa7 29.Kf2 Nd8 30.Qxa7 Rxa7
31.Rb1 Rxb1 32.Nxb1 Nb7 33.Nc3 Nc5 34.Ke3 Kf7 35.Nb5 Bxb5 36.cxb5 a3 37.Bc2 Ke7
38.Kd2 Kd8 39.b6 Ra6 40.Kc3 Kc8 41.Kb4 Rxb6+ 42.Kxa3 Kc7 43.Rb2 Ra6+ 44.Kb4 Ra1
45.Rb1 Ra2 46.Rc1 h6 47.Bd1 Rh2 48.Bf3 Rxh4 49.Rh1 Rxh1 50.Bxh1 Kb6 51.Bf3 Nd3+
52.Kc4 Ne1 53.Bd1 Ng2 54.Bf3 Nh4 55.Be2 Ka5 56.Bd1 Ng2 57.Bf3 Nf4 58.Bd1 Nh3
59.Bf3 Nf2 60.Kc3 Kb5 61.Kd2 Kc4 62.Ke3 Nh3 63.Be2+ Kc3 64.Ba6 Kc2 65.Bb5 Nf4
66.Ba6 g5 67.fxg6 Nxg6 68.Bd3+ Kc3 69.Ba6 Kb4 70.Bd3 Nf4 71.Bf1 Kc5 72.Ba6 Kb6
73.Bf1 Kc7 74.Bb5 Kd8 75.Ba6 Ke7 76.Bb5 Kf7 77.Kf3 Kg6 78.Bc4 Kg5 79.Bf1 Kh4
80.Bb5 Ng6 81.Bd7 Kg5 82.Kg3 Nf4 83.Bc8 Ne2+ 84.Kf3 Nc3 85.Bf5 Nb5 86.Bd7 Nd4+
87.Kg3 h5 88.gxh5 Kxh5 89.Kf2 Kg5 90.Ke3 f5 91.exf5 Nxf5+ 92.Ke4 Ne7 93.Be6 Ng6
94.Bd7 Nf4 95.Bb5 Nh5 96.Bd7 Nf6+  0-1

[Event "13th Summer Open"]
[Site "Recklinghausen GER"]
[Date "2002.08.22"]
[Round "6"]
[White "Kiseleva,N"]
[Black "Simon,HC"]
[Result "1-0"]
[WhiteElo "2277"]
[BlackElo "2205"]

1.d4 Nf6 2.c4 e6 3.g3 Bb4+ 4.Bd2 Qe7 5.Bg2 Nc6 6.Nf3 Bxd2+ 7.Nbxd2 d6 8.O-O a5
9.e4 e5 10.d5 Nb8 11.Ne1 O-O 12.Nd3 Na6 13.b3 c6 14.f4 Nd7 15.fxe5 Nxe5 16.Nxe5 Qxe5
17.Kh1 Nc5 18.dxc6 bxc6 19.Nf3 Qe7 20.Nd4 Qc7 21.Nf5 Bxf5 22.exf5 Nd7 23.Qd2 Nf6
24.Rad1 Rad8 25.Qf4 c5 26.g4 h6 27.g5 hxg5 28.Qxg5 Rfe8 29.Rd3 Nh7 30.Qh4 Qe7
31.f6 Nxf6 32.Rh3 Kf8 33.Qh8+ Ng8 34.Bd5 Rd7 35.Rhf3 Ra7 36.Rxf7+ Qxf7 37.Rxf7+ Rxf7
38.Bxf7 Kxf7 39.Qh5+ Kf8 40.Qd5 Ke7 41.Qb7+ Kf6 42.Qc7 Re6 43.Qxa5 Ne7 44.Qc3+ Re5
45.a4 Nf5 46.a5 Nd4 47.a6 Re2 48.Qa1 Ke6 49.Kg1 Nf3+ 50.Kf1 Rxh2 51.Qxg7 Nd4
52.a7  1-0

[Event "TCh-BIH"]
[Site "Neum BIH"]
[Date "2002.08.29"]
[Round "8"]
[White "Berkes,F"]
[Black "Shariyazdanov,A"]
[Result "1/2-1/2"]
[WhiteElo "2507"]
[BlackElo "2562"]

1.d4 Nf6 2.c4 e6 3.g3 Bb4+ 4.Bd2 a5 5.Bg2 d5 6.a3 Be7 7.Nf3 O-O 8.Qc2 b6
9.Bg5 Bb7 10.O-O Nbd7 11.cxd5 exd5 12.Nc3 Ne4 13.Bxe7 Qxe7 14.Nxe4 dxe4 15.Nd2 Nf6
16.Rac1 c5 17.Qb3 cxd4 18.Qxb6 Rad8 19.Rc7 Rd7 20.Rxd7 Qxd7 21.Nb3 Bd5 22.Nxd4 e3
23.Qb5 exf2+ 24.Rxf2 Qa7 25.Bxd5  1/2-1/2

[Event "GER-GRE Match"]
[Site "Fuerth GER"]
[Date "2002.09.05"]
[Round "6"]
[White "Buhmann,R"]
[Black "Nikolaidis,I"]
[Result "0-1"]
[WhiteElo "2527"]
[BlackElo "2502"]

1.d4 Nf6 2.c4 e6 3.g3 Bb4+ 4.Nd2 c5 5.Nf3 cxd4 6.Nxd4 Nc6 7.Nc2 Be7 8.Bg2 O-O
9.O-O d5 10.cxd5 exd5 11.Nb3 Bf5 12.Ncd4 Be4 13.f3 Bg6 14.Nxc6 bxc6 15.Be3 Re8
16.Rc1 Qd7 17.Qd2 Rab8 18.Nc5 Bxc5 19.Bxc5 Qe6 20.Rfe1 Rb7 21.b3 Nd7 22.Bd4 Rc8
23.Ba1 Rbc7 24.Qf4 f6 25.h4 Ne5 26.Kh2 Qd6 27.Rcd1 Qe7 28.g4 Re8 29.Qg3 Rcc8
30.h5 Bf7 31.f4 Nd7 32.e4 Qf8 33.Rd2 Nc5 34.h6 Nxe4 35.Bxe4 Rxe4 36.Rxe4 dxe4
37.g5 Rd8 38.Rg2 g6 39.Bxf6 Rd3 40.Qg4 Qe8 41.Re2 Bd5 42.Be5 Be6 43.Qg1 Qf7
44.Bf6 Qd7 45.Re3 Rd2+ 46.Kg3 Bh3 47.Kh4 Rg2  0-1

[Event "Autumn I"]
[Site "Alushta UKR"]
[Date "2002.09.25"]
[Round "15"]
[White "Yevseev,D"]
[Black "Smirnov,I UKR"]
[Result "1-0"]
[WhiteElo "2546"]
[BlackElo "2364"]

1.d4 Nf6 2.c4 e6 3.g3 Bb4+ 4.Bd2 Qe7 5.Nf3 Nc6 6.Nc3 Bxc3 7.Bxc3 Ne4 8.Rc1 d6
9.d5 Nxc3 10.Rxc3 Nd8 11.Bg2 e5 12.c5 O-O 13.cxd6 cxd6 14.Qc1 Bd7 15.O-O f5
16.Rc7 Qe8 17.Qe3 Bb5 18.Rfc1 Ba6 19.Nh4 h6 20.Bh3 Qh5 21.Qf3 Bxe2 22.Qxh5 Bxh5
23.Bxf5 g5 24.Bh7+ Kh8 25.Ng6+ Bxg6 26.Bxg6 Rf6 27.Bh5 Kg8 28.Re7 Rb8 29.Rcc7 a5
30.Bg6  1-0

[Event "7th ECCW"]
[Site "Antalya TUR"]
[Date "2002.09.29"]
[Round "1"]
[White "Matnadze,A"]
[Black "Zhukova,N"]
[Result "0-1"]
[WhiteElo "2415"]
[BlackElo "2425"]

1.d4 e6 2.c4 Nf6 3.g3 Bb4+ 4.Bd2 Be7 5.Bg2 d5 6.Nc3 O-O 7.Nf3 dxc4 8.O-O Nc6
9.Bg5 Rb8 10.a4 Na5 11.e3 Nd5 12.Bxe7 Qxe7 13.Nd2 Nxc3 14.bxc3 b6 15.e4 Bb7
16.Qc2 c5 17.d5 exd5 18.exd5 Rbd8 19.Rfe1 Qf6 20.Be4 Qh6 21.Rad1 Bxd5 22.Nf3 Bxe4
23.Qxe4 Rxd1 24.Rxd1 Qc6 25.Qe7 Qf6 26.Qxf6 gxf6 27.Rd7 Ra8 28.Nh4 Nc6 29.Nf5 Kf8
30.Kg2 Re8 31.Rc7 Ne7 32.Nd6 Rd8 33.Nxc4 Nc8 34.Kf3 a6 35.Kf4 b5 36.axb5 axb5
37.Ne3 c4 38.Nf5 Nb6 39.Rb7 Nd5+ 40.Kg4 Nxc3 41.Nh6 Nd5 42.Rxb5 c3 43.Rc5 Ke7
44.Nf5+ Ke6 45.Ne3 Nxe3+ 46.fxe3 Rd3 47.Kf4 f5 48.Rc6+ Kd7 49.Rc5 h6 50.h3 Kd6
51.Rc4 Rd2 52.Kxf5 c2  0-1

[Event "2nd Rohde Open"]
[Site "Sautron FRA"]
[Date "2002.10.01"]
[Round "7"]
[White "Raetsky,A"]
[Black "Lukov,V"]
[Result "1/2-1/2"]
[WhiteElo "2423"]
[BlackElo "2463"]

1.d4 Nf6 2.c4 e6 3.g3 Bb4+ 4.Nd2 c5 5.a3 Bxd2+ 6.Qxd2 cxd4 7.Nf3 d6 8.Nxd4 a6
9.Bg2 e5 10.Nc2 Nc6 11.b4 Be6 12.Ne3 Nd4 13.Rb1 d5 14.cxd5 Nxd5 15.Bb2 Nxe3
16.fxe3 Nc6 17.Qxd8+ Rxd8 18.Bxc6+ bxc6 19.Bxe5 f6 20.Bd4 Bd5 21.Rf1 Kf7
22.Rc1 Rb8 23.Kd2 Rhe8 24.Rf4 Be4 25.Rc4 Bd5 26.Rc5 Rb5 27.Kd3 Rxc5 28.Bxc5 g5
29.Rd4 f5 30.a4 Rd8 31.Kc3  1/2-1/2

[Event "6th Final RUS Cup"]
[Site "Nefteyugansk RUS"]
[Date "2002.10.09"]
[Round "5"]
[White "Yevseev,D"]
[Black "Bocharov,D"]
[Result "1-0"]
[WhiteElo "2553"]
[BlackElo "2502"]

1.d4 Nf6 2.c4 e6 3.g3 Bb4+ 4.Bd2 Qe7 5.Nf3 Nc6 6.Nc3 Bxc3 7.Bxc3 Ne4 8.Rc1 O-O
9.Bg2 d6 10.d5 Nd8 11.Nd2 Nxc3 12.Rxc3 e5 13.c5 f5 14.cxd6 cxd6 15.O-O Nf7
16.Qb3 Qf6 17.Qa3 f4 18.Rc7 Bg4 19.f3 Bf5 20.g4 Bg6 21.Rxb7 Rac8 22.e4 Rc2
23.Qd3 Rfc8 24.Rb4 R2c5 25.Rc4 Rxc4 26.Nxc4 h5 27.gxh5 Bxh5 28.Na5 Kh8 29.Nc6 Ng5
30.b4 Rc7 31.b5 Be8 32.a4 Qh6 33.Qa3 Bd7 34.a5 Nh3+ 35.Kh1 Qh4 36.Qxd6 Nf2+
37.Kg1 Nh3+ 38.Bxh3 Bxh3 39.Qd8+ Qxd8 40.Nxd8 Bxf1 41.Kxf1 Rc1+ 42.Ke2 Kg8
43.Nc6 Kf8 44.Nxa7 Ke8 45.Nc6 Rb1 46.b6 Kd7 47.Nxe5+ Kd6 48.a6  1-0

[Event "TCh-SWE"]
[Site "Helsingborg SWE"]
[Date "2002.10.12"]
[Round "2"]
[White "Eriksson,Mag1"]
[Black "Adler,B"]
[Result "1-0"]
[WhiteElo "2322"]
[BlackElo "2245"]

1.d4 Nf6 2.c4 e6 3.g3 Bb4+ 4.Bd2 Qe7 5.Bg2 Nc6 6.Nf3 d5 7.O-O dxc4 8.Qc2 Bd6
9.Qxc4 O-O 10.Nc3 h6 11.e4 e5 12.d5 Nb8 13.Nb5 Nbd7 14.Rfc1 Ne8 15.Nh4 Nb6
16.Qb3 Bd7 17.Be3 Nc8 18.Rc2 a6 19.Nxd6 Ncxd6 20.Bc5 Rb8 21.Re1 Kh7 22.f4 g5
23.Nf3 gxf4 24.gxf4 f6 25.fxe5 fxe5 26.Qc3 Rg8 27.Nxe5 Bh3 28.Qxh3 Qxe5 29.Qd3 Nf6
30.Bd4  1-0

[Event "19th Muensterland Open"]
[Site "Senden GER"]
[Date "2002.10.14"]
[Round "5"]
[White "Lehmann,Ho"]
[Black "Lingnau,C"]
[Result "0-1"]
[WhiteElo "2215"]
[BlackElo "2429"]

1.d4 Nf6 2.c4 e6 3.g3 Bb4+ 4.Nd2 d5 5.Bg2 O-O 6.Nf3 b6 7.O-O Bb7 8.Qc2 Be7
9.Ne5 c5 10.dxc5 bxc5 11.cxd5 exd5 12.e4 Bd6 13.Nef3 Nc6 14.e5 Bxe5 15.Qxc5 Bc7
16.Nb3 Bb6 17.Qc2 Ne4 18.Be3 Nb4 19.Qd1 Ba6 20.Re1 Nd3 21.Re2 Ndxf2 22.Bxf2 Bxe2
23.Qxe2 Bxf2+ 24.Kh1 Bxg3  0-1

[Event "10th Chigorin Mem"]
[Site "St Petersburg RUS"]
[Date "2002.11.03"]
[Round "9"]
[White "Yevseev,D"]
[Black "Bocharov,D"]
[Result "1-0"]
[WhiteElo "2553"]
[BlackElo "2502"]

1.d4 Nf6 2.c4 e6 3.g3 Bb4+ 4.Bd2 Qe7 5.Nf3 Nc6 6.Nc3 Bxc3 7.Bxc3 Ne4 8.Rc1 O-O
9.Bg2 a5 10.O-O d6 11.d5 Nb4 12.Be1 b6 13.a3 Na6 14.b4 axb4 15.axb4 e5 16.Nh4 f5
17.Qd3 Ng5 18.f4 exf4 19.Rxf4 Nb8 20.Bc3 Ra2 21.Re1 Rf7 22.Kh1 Ra3 23.Ref1 Qf8
24.Qc2 g6 25.e4 fxe4 26.Rxf7 Nxf7 27.Bxe4 Rxc3 28.Qxc3 Nd7 29.Bg2 Qe7 30.Bh3 Ng5
31.Re1 Qf8 32.Bxd7 Bxd7 33.Qe3 Nh3 34.Qe7 Nf2+ 35.Kg2 Nd3 36.Qxf8+ Kxf8 37.Ra1 Ke7
38.Ra7 Kd8 39.Ra8+ Bc8 40.Nf3 Nxb4 41.Ng5 Kd7 42.Nxh7 Ba6 43.Nf8+ Ke7 44.Nxg6+ Kf6
45.Nf4 Bxc4 46.Rf8+ Ke5 47.h4 Nxd5 48.h5 Nf6 49.h6 Bg8 50.Rxg8  1-0